Statistics for Star Wars Trivia #1

Click here to take the quiz!

General Stats

  • This quiz has been taken 68,241 times
  • The average score is 15 of 20

Answer Stats

Question Answer % Correct
What is Anakin Skywalker's alter ego?Darth Vader
97%
What type of creature is Chewbacca?Wookiee
94%
What is the traditional weapon of the Jedi?Lightsaber
93%
What is the name of Jango Fett's son?Boba Fett
90%
Who is the creator of Star Wars?George Lucas
89%
What was the name of Han Solo's ship?Millennium Falcon
87%
Who purchased the Star Wars franchise in 2012?Disney
87%
What character had a “double” lightsaber?Darth Maul
87%
What type of creatures live in tree houses in "Return of the Jedi"?Ewoks
86%
What organization is the enemy of the Jedi?The Sith
83%
Who is Luke Skywalker's mother?Padmé Amidala
82%
What character becomes the Emperor?Palpatine
80%
What is the name of Star Wars: Episode III?Revenge of the Sith
76%
What type of spacecraft does Luke Skywalker fly?X-Wing
74%
What forest moon do the above creatures live on?Endor
73%
What Mel Brooks movie was a spoof of Star Wars?Spaceballs
63%
Who wrote the score to all six movies?John Williams
58%
What type of creatures live in sandcrawlers and scavenge old machinery?Jawas
56%
What was the name of Luke Skywalker's uncle?Owen
51%
In that movie, what character was a parody of Jabba the Hut?Pizza the Hutt
37%

Score Distribution

Percentile by Number Answered

Percent of People with Each Score

Your Score History

You have not taken this quiz